000 00569nam a2200145Ia 4500
008 220216s9999 xx 000 0 und d
100 _aSharma Gaurav
245 0 _aMarketing efficiency of organized and unorganized rubber growers in Tripura: A comparative analysis
260 _bIRC 2012. International Rubber Conference, 28-31 October 2012, Kovalam, India, Rubber Research Institute of India, Kottayam and IRRDB, Malaysia: Abstracts. pp.184.
700 _aDey S K
700 _aGeorge K Tharian
700 _aJoseph Joby
700 _aVeeraputhran S
942 _cJS
999 _c62596
_d62596